| 000 | 00424 a2200145 4500 | ||
|---|---|---|---|
| 020 | _a8120321871 | ||
| 040 |
_aDLC _bDLC |
||
| 082 | _a004.678 | ||
| 100 | _aJames, K. L. | ||
| 245 |
_a The Internet A User's Guide _cJames, K.L. |
||
| 260 |
_aNew Delhi : _bPrentice-Hall of India Pvt.Ltd, _c2003. |
||
| 300 |
_a xii, 388 p. : _bill.; _c26 cm. |
||
| 650 | _a1.Internet.2.Computer Network Resources. | ||
| 942 |
_cBK _k004.678 JAM _2ddc |
||
| 999 |
_c5591 _d5591 |
||